000 00428cam a2200169ua 4500
020 _c1.50
041 _amal
_h
082 _a891.95
_bGOP/CH
100 _aGopala pillai, N .
245 _aChintha Deepam /
_cN.Gopala pillai.
_hTextual Documents
260 _aKottayam :
_bSahitya Pravarthaka Co-operative Society ,
_c1958.
300 _a108 ; .
365 _a1.50
504 _a
942 _cBK
999 _c1045
_d1045